Rowntree idealism in model village. (Record no. 61434)

MARC details
000 -LEADER
fixed length control field 00641cam a2200169 4500
001 - CONTROL NUMBER
control field WB3526-21
008 - FIXED-LENGTH DATA ELEMENTS--GENERAL INFORMATION
fixed length control field 000000n1999 000 0 eng u
035 ## - SYSTEM CONTROL NUMBER
System control number (Sirsi) u102420
245 ## - TITLE STATEMENT
Title Rowntree idealism in model village.
260 ## - PUBLICATION, DISTRIBUTION, ETC.
Date of publication, distribution, etc. 1999
490 ## - SERIES STATEMENT
Series statement Independent on Sunday
Volume/sequential designation 4 July 1999, 9(1)
520 ## - SUMMARY, ETC.
Summary, etc. Looks at plans to create a blueprint for 21st-century living in York. The Joseph Rowntree Foundation has set aside 53 acres of land for the £35m development, based on an original village set up by Joseph Rowntree a century ago.
650 ## - SUBJECT ADDED ENTRY--TOPICAL TERM
Topical term or geographic name entry element PLANNING
650 ## - SUBJECT ADDED ENTRY--TOPICAL TERM
Topical term or geographic name entry element HOUSING DEVELOPMENT
690 ## - LOCAL SUBJECT ADDED ENTRY--TOPICAL TERM (OCLC, RLIN)
Topical term or geographic name as entry element HOUSING
942 ## - ADDED ENTRY ELEMENTS (KOHA)
Suppress in OPAC 0
Holdings
Withdrawn status Lost status Source of classification or shelving scheme Damaged status Not for loan Home library Current library Shelving location Date acquired Total Checkouts Full call number Barcode Date last seen Copy number Price effective from Koha item type
    Dewey Decimal Classification     London London News article 19/11/1999   WB3526-21 102420-1001 06/08/2019 1 06/08/2019 News article